Learning Resource and Development

What they contribute : (Record no. 31330)

MARC details
000 -LEADER
fixed length control field 03382cam a2200433 i 4500
001 - CONTROL NUMBER
control field 21418093
003 - CONTROL NUMBER IDENTIFIER
control field CSPC
005 - DATE AND TIME OF LATEST TRANSACTION
control field 20260120142032.0
008 - FIXED-LENGTH DATA ELEMENTS--GENERAL INFORMATION
fixed length control field 200205s2007 ph b f001 0 eng
010 ## - LIBRARY OF CONGRESS CONTROL NUMBER
LC control number 2020324016
020 ## - INTERNATIONAL STANDARD BOOK NUMBER
International Standard Book Number 9789718567593
035 ## - SYSTEM CONTROL NUMBER
System control number 21418093
040 ## - CATALOGING SOURCE
Original cataloging agency CSPC
Language of cataloging eng
Description conventions rda
Transcribing agency CSPC
042 ## - AUTHENTICATION CODE
Authentication code lcode
-- pcc
043 ## - GEOGRAPHIC AREA CODE
Geographic area code a-ph---
050 00 - LIBRARY OF CONGRESS CALL NUMBER
Classification number HD2769.2.P6
Item number W43 2007
082 04 - DEWEY DECIMAL CLASSIFICATION NUMBER
Classification number 361.76109596
Item number C768
245 00 - TITLE STATEMENT
Title What they contribute :
Remainder of title case studies on the impact of nonprofit organizations /
Statement of responsibility, etc. edited by Ledivina V. Cariño and Dolores D. Gaffud.
264 #1 - PRODUCTION, PUBLICATION, DISTRIBUTION, MANUFACTURE, AND COPYRIGHT NOTICE
Place of production, publication, distribution, manufacture Diliman, Quezon City :
Name of producer, publisher, distributor, manufacturer Center for Leadership, Citizenship and Democracy, National College of Public Administration and Governance, University of the Philippines,
Date of production, publication, distribution, manufacture, or copyright notice 2007.
300 ## - PHYSICAL DESCRIPTION
Extent xvi, 353 pages ;
Dimensions 23 cm.
336 ## - CONTENT TYPE
Content type term text
Content type code txt
Source rdacontent
337 ## - MEDIA TYPE
Media type term unmediated
Media type code n
Source rdamedia
338 ## - CARRIER TYPE
Carrier type term volume
Carrier type code nc
Source rdacarrier
504 ## - BIBLIOGRAPHY, ETC. NOTE
Bibliography, etc. note Includes bibliographical references and index.
505 0# - FORMATTED CONTENTS NOTE
Formatted contents note Nine nonprofit organizations / Ledivina V. Cariño -- Creating a social development conglomerate, the case of the Ramon Aboitiz Foundation / Ramon L. Fernan, III -- Knowledge channel program package, utilizing media, particularly television to help the state improve the quality of education in public schools / Alessandra Marie C. Jalandoni -- The Philippine Educational Theater Association / Ma. Olivia Z. Domingo and Vincent Q. Silarde -- Putting people at the center of development / Eden Valmonte-Santiago -- Kapwa ko mahal ko / Erwin Alampay and Ronald Ong -- Ruined for life, the case of the JVP Foundation, Inc. / Ramon L. Fernan, III -- We never thought we were volunteers / Ricamela Saturay-Palis -- Among the alternatives, the people's center for progressive media in southern Tagalog / Vincent Quintos Silarde -- Fiestas / Dolores D. Gaffud, Kristine C. Follosco, and Vincent Q. Silarde -- What they contribute, the impacts of the organizations / Ledivina V. Cariño.
520 ## - SUMMARY, ETC.
Summary, etc. "This book is a collection of case studies on nine nonprofit organizations in the Philippines. As a very small sample of an estimated half million organizations in the country, they cannot claim to be representative. Nevertheless, they offer a glimpse of the complexity of present-day civil society and can give insights on what the sector can contribute to state and society as they perform their various activities and programs."--Introduction.
546 ## - LANGUAGE NOTE
Language note In English.
650 #0 - SUBJECT ADDED ENTRY--TOPICAL TERM
Topical term or geographic name entry element Nonprofit organizations
Geographic subdivision Philippines
General subdivision Case studies.
650 #0 - SUBJECT ADDED ENTRY--TOPICAL TERM
Topical term or geographic name entry element Nonprofit organizations
Geographic subdivision Philippines
General subdivision History.
655 #7 - INDEX TERM--GENRE/FORM
Genre/form data or focus term Case studies.
Source of term lcgft
Authority record control number or standard number https://id.loc.gov/authorities/genreForms/gf2017026140
700 1# - ADDED ENTRY--PERSONAL NAME
Personal name Cariño, Ledivina V.,
Relator term contributor,
-- editor.
700 1# - ADDED ENTRY--PERSONAL NAME
Personal name Gaffud, Dolores D.,
Relator term editor.
710 2# - ADDED ENTRY--CORPORATE NAME
Corporate name or jurisdiction name as entry element University of the Philippines.
Subordinate unit Center for Leadership, Citizenship and Democracy,
Relator term publisher.
906 ## - LOCAL DATA ELEMENT F, LDF (RLIN)
a 7
b cbc
c origres
d 3
e ncip
f 20
g y-gencatlg
942 ## - ADDED ENTRY ELEMENTS (KOHA)
Source of classification or shelving scheme Dewey Decimal Classification
Koha item type Books
Classification part 361.76109596
Item part C768
Call number prefix FIL
Call number suffix 2007
Suppress in OPAC No
Holdings
Withdrawn status Lost status Source of classification or shelving scheme Damaged status Not for loan Home library Current library Shelving location Date acquired Total Checkouts Full call number Barcode Date last seen Copy number Price effective from Koha item type
    Dewey Decimal Classification     Main Library Main Library Filipiniana Section 12/26/2025   FIL 361.76109596 C768 2007 031056 12/26/2025 1-1 12/26/2025 Books